| 000 | 01115nam a2200337Ia 4500 | ||
|---|---|---|---|
| 001 | Para_470 | ||
| 003 | CHAP | ||
| 008 | 220125s1997 xx 000 0 und d | ||
| 010 | _a199225 | ||
| 040 | _cCHAP | ||
| 082 | _aPA 633.15 T3 | ||
| 111 |
_aTaller de maíz transgénico (1997:México, D.F.) _9111437 |
||
| 245 |
_aMemoria / _c ed. por José Antonio Serratos, Agustín López Herrera y Guillermo Carrillo Castañeda |
||
| 260 |
_aMéxico, D.F. : _b NAPPO |
||
| 300 | _a120 p. | ||
| 650 |
_aMaíz _x investigación _970984 |
||
| 650 |
_aMaíz _x mejoramiento _971006 |
||
| 650 |
_aMaíz _x variedades _971081 |
||
| 650 |
_aMaíz _x variedades resistentes a enfermedades _971082 |
||
| 650 |
_aMaíz _x variedades resistentes a plagas _971083 |
||
| 700 |
_aCarrillo Castañeda, Guillermo _919465 |
||
| 700 |
_aLópez Herrera, Agustín, ed. _9164524 |
||
| 700 |
_aSerratos, José Antonio, ed. _9151332 |
||
| 901 | _aPA 633.15 T3 | ||
| 902 | _aA | ||
| 905 | _a0000001997 0000000000 00 | ||
| 910 | _a1997 | ||
| 942 | _cPARA | ||
| 942 |
_cPARA _d1 |
||
| 999 |
_c199225 _d199225 |
||